LIBRARY & INFORMATION CENTRE, KCAET, TAVANUR

ONLINE PUBLIC ACCESS CATALOGUE (OPAC)

Operations research methods: as applied to political science and the legal process / (Record no. 8149)

MARC details
000 -LEADER
fixed length control field 00539cam a2200193ua 4500
020 ## - INTERNATIONAL STANDARD BOOK NUMBER
ISBN 0 8039 0651 x
041 ## - LANGUAGE CODE
Language code of text/sound track or separate title eng
082 ## - DEWEY DECIMAL CLASSIFICATION NUMBER
Classification number 300.1
Item number NAG/OP
100 ## - MAIN ENTRY--AUTHOR NAME
Personal name Nagel, Stuart S .
245 ## - TITLE STATEMENT
Title Operations research methods: as applied to political science and the legal process /
250 ## - EDITION STATEMENT
Edition statement 1 /
260 ## - PUBLICATION, DISTRIBUTION, ETC. (IMPRINT)
Place of publication New Delhi :
Name of publisher Sage Publications ,
Year of publication 1976.
300 ## - PHYSICAL DESCRIPTION
Number of Pages 76 ; .
500 ## - GENERAL NOTE
General note **Reference
700 1# - ADDED ENTRY--PERSONAL NAME
Personal name Neef, Marian .
942 ## - ADDED ENTRY ELEMENTS (KOHA)
Koha item type Books
Holdings
Withdrawn status Lost status Damaged status Home library Current library Date acquired Full call number Accession Number Koha item type
      KAUAET KAUAET 07/04/2012 300.1 20170 Reference
free website counter